000 00671nam a2200241Ia 4500
003 OSt
005 20221005064009.0
006 a|||||r|||| 00| 0
007 ta
008 221004b |||||||| |||| 00| 0 eng d
024 _a71978
037 _cTextual
040 _aCRL
_cCRL
_beng
041 _2eng
_aeng
082 _aV433:19(zP).N9, M7
100 _aAlagappa Muthiah
_9603348
245 0 _aNational security of developing states lesson from Thailand
260 _aLover
_bAubwin House 1987
_c1987
300 _a274p.
_ccm.
650 _aHISTORY
942 _hV433:19(zP).N9, M7
_cTEXL
_2cc
999 _c972201
_d972201